| 000 | 00763nam a22002057a 4500 | ||
|---|---|---|---|
| 005 | 20241206121112.0 | ||
| 010 | _aENG-142885 | ||
| 020 |
_a9788180643385 _c400.00 |
||
| 035 | _aEN-126417 | ||
| 037 | _bDBAD | ||
| 082 |
_a329.954 _21 |
||
| 100 |
_aBiswas, Ajanta _974772 |
||
| 245 |
_aFrom Hegemony to Decline: _bThe Congress Politics in Undivided Bengal and West Bengal 1937-1967/ _cby Ajanta Biswas [and] Forword By Bhaskar Chakrabarty |
||
| 250 | _a1 | ||
| 260 |
_aKolkata _bProgressive Publishers _c2020 |
||
| 270 |
_bKolkata _a37A, College Street _e700073 _mprogressivepubl@yahoo.co.in _k9830305810 _k9038296630 |
||
| 300 |
_a283p. _bIndex _c22cm(hb) |
||
| 700 |
_aChakrabarty, Bhaskar _970194 _eForword |
||
| 942 |
_2ddc _cEN _mBIS _h329.954 |
||
| 999 |
_c207458 _d207458 |
||